[Event "IND-ch 51st"]
[Site "Jalgaon"]
[Date "2013.12.30"]
[Round "13"]
[White "Shyam, Nikil P"]
[Black "Sasikiran, Krishnan"]
[Result "0-1"]
[WhiteElo "2420"]
[BlackElo "2666"]
[Annotator "Sasikiran,K"]
[PlyCount "108"]
[EventDate "2013.12.17"]
[EventType "tourn"]
[EventRounds "13"]
[EventCountry "IND"]
[EventCategory "10"]
[SourceTitle "CBM 158"]
[Source "ChessBase"]
[SourceDate "2014.01.16"]
[SourceVersion "1"]
[SourceVersionDate "2014.01.16"]
[SourceQuality "1"]

{Before the last round, I was leading the tourney by half a point and had to
win to confirm first place. A draw was out of the question as the tie breaks
favoured my nearest pursuer Adhiban (he won an exciting game against MS
Thejkumar in the last round) who had beaten me in our individual encounter in
round 9. Consequently I decided to give my all with a sharp King's Indian.} 1.
d4 Nf6 2. Nf3 g6 3. Bg5 {Shyam Nikhil has a penchant for off beat lines and I
was expecting him to go elsewhere than the main lines. Nevertheless I was
happy to see this one on the board, as I have often played the Torre attack
myself with the white pieces.} Bg7 4. Nbd2 O-O 5. e4 d5 6. exd5 Nxd5 7. Nb3 a5
$5 {The most recent human game with this sortie was Dreev-Shirov, Warsaw rapid
2009, although this was first played by Epishin in 1991. After the more or
less forced a4 by White, the black knight on d5 acquires some stability as
then c4 can always be met with ...Nb4.} 8. a4 b6 9. Qd2 $6 {White wants to cut
out the h6 option for Black, but here the queen is somewhat exposed.} (9. Bd3
$5 {appears more natural leaving the d2-square free for the bishop, was played
in a couple of computer games.}) 9... Bb7 (9... Qd6 {is the computer's
suggestion, but it is hard to play like this without concrete analysis.}) 10.
Be2 (10. Bc4 $5 Nf6 11. Qe2 Ne4 12. Bh4 $5 Qc8 13. O-O Nd6 14. Bd3 Nd7 $5 {
with complex play.}) 10... Nd7 $1 11. O-O N7f6 12. Bh6 Ne4 13. Qc1 Qd6 {
Now this appears more natural connecting the black rooks and aiming for the
f4-square, should White exchange on g7.} 14. Re1 $1 {After a rather docile
opening, White starts to play strongly. The text aims to withdraw Bf1 and
drive away the pesky knight on e4.} c5 $5 {Provoking complications by
challenging White's hold on the centre.} (14... Bxh6 15. Qxh6 Qf4 16. Qxf4 Nxf4
17. Bf1 e6 {would have lead to sterile equality.}) 15. Bf1 (15. Bc4 Ndf6 16.
Bf4 Qd8 17. dxc5 bxc5 18. Ne5 Qb6 {lead to unclear play.}) 15... Ndf6 16. Bf4
Qd5 $5 {Again a provocation, inviting White to drive the queen away from the
centre.} (16... Qd8 17. dxc5 bxc5 18. Ne5 Nh5 19. Nc4 Bd5 20. Bh6 Qc7 21. Bxg7
Nxg7 22. Na3 $5 $14) 17. dxc5 bxc5 {The breaking of queenside pawns is forced.
Nevertheless the activity of the centralised black pieces fully compensates
for the weakness.} (17... Nxc5 $6 18. Rxe7 Qd8 19. Re3 $1 $14) 18. Ne5 Nh5 19.
Bc4 $1 ({During the game I was afraid of} 19. Nc4 $6 Nxf2 20. Kxf2 Qf5 21. g3
g5 22. Ne3 Qf6 23. Ng4 {Here I thought White had a chance to make a draw by
repetition or play for more,} {but failed to spot} Qc6 $1 {during my
calculations in move nineteen.} (23... Qf5 24. Ne3 Qg6 25. Bc7 Qf6+ 26. Kg1 Qc6
27. Ng2 c4 $5) 24. Bxg5 Qf3+ 25. Kg1 Qxg4 26. Bg2 Bxg2 27. Kxg2 Rfb8 {with
some initiative due to the weak white king and lack of co-ordination between
the white pieces.}) 19... Qd8 (19... Qd6 20. Nxf7 Qxf4 21. Qxf4 Nxf4 22. Nd6+
Bd5 23. Bxd5+ Nxd5 24. Nxe4 {is clearly in White's favour.}) 20. Ng4 $2 {
Now White's pieces lack co-ordination and the initiative passes to Black.} (20.
f3 $1 {was necessary} Nxf4 (20... Nd6 21. Bh6 $1 $14) 21. Qxf4 Qd6 $1 (21...
Nd6 22. Rad1 $16) 22. Bxf7+ Kh8 23. Nxg6+ Qxg6 $1 24. Bxg6 Rxf4 25. Bxe4 Bxe4
26. fxe4 c4 27. g3 Rff8 28. Nc1 (28. Nd2 Bd4+ $1 29. Kh1 c3 $17) 28... Bxb2 29.
Rb1 Bd4+ 30. Kh1 Bc3 31. Rg1 Rf2 32. Rg2 Rf1+ 33. Rg1 Rf2 34. Rg2 Rf1+ $11) (
20. Rd1 $6 Qb8 $1 (20... Qb6 21. f3 (21. Nd7 Qb4 $1) 21... Nxf4 22. Qxf4 Nd6
23. Nd7 Qc7 24. Nxf8 Rxf8 $5 $44) 21. Nxa5 Rxa5 22. Nc6 Qxf4 23. Qxf4 Nxf4 24.
Nxa5 Ba8 25. c3 Nd6 $15) 20... Nd6 $1 {A powerful retreat forcing White to
give up one of the bishops with a neat trap ahead.} (20... Nxf4 21. Qxf4 Nd6 {
was also possible.}) 21. Bxd6 exd6 22. c3 (22. Nh6+ $6 Bxh6 23. Qxh6 Bxg2 $1 {
This was what I had in mind when I played my 20th move.} 24. Be2 (24. Kxg2 Qh4
$19) 24... Qh4 25. Bxh5 Bc6 $1 {is even stronger} (25... Bf3 {was my original
intention but the end position of this line is not completely clear.} 26. Nd2
Bxh5 27. Ne4 f6 28. Ng3 $15) 26. Re3 Rfe8 27. Nxa5 Rxe3 28. Qxe3 Rxa5 $17)
22... Kh8 $5 (22... Bc6 $1 {to be followed by ...Rb8 and ...d5 was much
stronger. However, I wanted to avoid the possibility of Nh6+ forever and use
the f-pawn for an attack (f5-f4) if possible.}) 23. Ne3 (23. f3 f5 24. Nf2 Qh4
25. Bb5 c4 26. Nd2 d5 $36) 23... Nf4 24. Bf1 (24. Rd1 $2 Qg5 $19) 24... Qc7 {
Connecting the rooks and preparing to mobilise the d-pawn.} 25. Qd1 d5 (25...
Rfd8 $5 26. g3 Qc6 27. f3 Ne6 28. Bb5 Qc8 29. Nd5 Nd4 $1 30. Nxd4 Bxd5 31. Nb3
Be6 32. Nc1 d5 $15) 26. g3 d4 $1 27. gxf4 $6 {Now there will be no counterplay
against Black's attack and the rest of the game will be a suffering for White.
He should have at least opened the c-file.} (27. cxd4 cxd4 28. Rc1 Qd8 $8 29.
Nc4 (29. gxf4 dxe3 30. fxe3 Qe7 31. Nc5 Rfd8 $15) 29... Ne6 30. Bg2 Bxg2 31.
Kxg2 Qd7 $5 $15) 27... dxe3 28. fxe3 Qc6 $5 (28... g5 $1 {opening the kingside}
29. f5 (29. fxg5 Be5 30. Re2 Rg8 $19) 29... g4 30. e4 Rg8 31. Kh1 Be5 {and the
attack will be quickly decisive.}) 29. e4 Qc7 $1 30. Bg2 $6 (30. Qd2 $142 c4
31. Nd4 Bh6 32. e5 f6 33. e6 (33. Qe2 Bxf4 34. Qxc4 Qd8 $1 35. e6 Qd6 36. Qe2
Rac8 $5 37. Bg2 Bxh2+ 38. Kh1 Bxg2+ 39. Qxg2 Be5 $15) 33... Bxf4 34. Qf2 Be5
$15) 30... Rad8 (30... Bh6 $1) 31. Qe2 c4 32. Nd2 $6 (32. Nd4 $142 Qxf4 33. e5
(33. Qxc4 Be5 34. Nf3 Bc7 $17 {with powerful initiative against the white king
and also against the weak e-pawn.}) 33... Bxg2 34. Kxg2 Rd5 35. Nf3 Rb8 $5 $15)
32... Qb6+ 33. Kh1 Qxb2 34. Rab1 Qxd2 35. Qxd2 Rxd2 36. Rxb7 Bxc3 37. Bf1 Rc2
$5 (37... Bb4 $142 $1 38. Bxc4 Rd4 39. Rc1 Rc8 $19) 38. Rd1 Bd2 39. Bxc4 Rxc4
40. Rxd2 Rxe4 41. Ra7 (41. Ra2 Rxf4 42. Ra7 Rf5 $19) 41... Rxa4 42. f5 g5 $1 {
The rest is a matter of technique. Even if White manages to eliminate the
a-pawn, Black will bring his king to f6 and surround the f5-pawn.} 43. f6 (43.
Rd5 Kg7 44. Raxa5 Rxa5 45. Rxa5 Kf6 $19) 43... h6 $1 {Protecting the g-pawn
and preparing Kh7-g6.} 44. Rdd7 (44. Rd5 Kh7 45. Raxa5 Rxa5 46. Rxa5 Kg6 47.
Ra6 Re8 48. Kg2 Re6 $19) 44... Kg8 45. Kg2 Rg4+ 46. Kh3 Rh4+ 47. Kg3 a4 48.
Rdc7 Rf4 {The last move preparing to release the king.} 49. h3 Kh7 50. Rxf7+
Rxf7 51. Rxf7+ Kg6 52. Ra7 Kxf6 53. Ra6+ Kg7 54. Kg2 Rh4 $1 {White resigned as
Black simply marches his king to the queenside forcing the advance of the
a-pawn while the white king is tied to the defence of the h3-pawn.} 0-1

[Event "USA-ch m"]
[Site "Jacksonville"]
[Date "1990.??.??"]
[Round "2"]
[White "Dzindzichashvili, Roman"]
[Black "Gulko, Boris F"]
[Result "1-0"]
[WhiteElo "2560"]
[BlackElo "2600"]
[Annotator "Schussler,H"]
[PlyCount "115"]
[EventDate "1990.08.??"]
[EventType "k.o."]
[EventRounds "4"]
[EventCountry "USA"]
[SourceTitle "CBM 021"]
[Source "ChessBase"]
[SourceDate "1991.04.01"]
[SourceVersion "1"]
[SourceVersionDate "1991.04.01"]
[SourceQuality "1"]

1. d4 Nf6 2. Nf3 g6 3. Bf4 Bg7 4. c3 b6 5. e3 Bb7 6. h3 d6 7. Nbd2 O-O 8. Be2
c5 9. O-O Nbd7 10. a4 a6 11. Bh2 Qc7 12. Bd3 Rfe8 13. e4 e5 14. dxe5 Nxe5 15.
Bxe5 dxe5 16. Qe2 Bh6 17. Rfd1 Bxd2 18. Nxd2 Qc6 19. Nc4 Rad8 20. Ne3 Qc8 21.
Kh2 Bxe4 $2 22. Bxe4 Nxe4 23. Nd5 $1 $16 f5 24. f3 Ng5 25. Nf6+ Kg7 26. Nxe8+
Rxe8 27. Kg1 e4 28. Qe3 h6 29. f4 Ne6 30. Rd6 Qc7 31. Rad1 Re7 32. g3 Nd4 33.
R1xd4 cxd4 34. Qxd4+ Kh7 35. Qxb6 Qxb6+ 36. Rxb6 Rd7 37. b4 Rd3 38. Rxa6 Rxg3+
39. Kf2 Rxc3 40. Ra7+ Kg8 41. b5 Rb3 42. Rb7 Rb2+ (42... Ra3 43. b6 Rxa4 44.
Ra7 $18) 43. Ke3 Rb3+ 44. Kd2 Ra3 45. b6 Rxa4 46. Ra7 Rd4+ 47. Ke2 Rb4 48. b7
g5 49. fxg5 hxg5 50. Ra8+ Kf7 51. b8=Q Rxb8 52. Rxb8 Kf6 53. Rb5 f4 54. Ra5 Kg6
55. Re5 e3 56. Kf3 Kh5 57. Re8 {57.Te6 + -} Kg6 58. h4 1-0

[Event "SUI Grand Prix"]
[Site "Suhr"]
[Date "1990.??.??"]
[Round "9"]
[White "Mascarinas, Rico"]
[Black "Nemet, Ivan"]
[Result "1/2-1/2"]
[WhiteElo "2470"]
[BlackElo "2415"]
[Annotator "Schussler,H"]
[PlyCount "82"]
[EventDate "1990.??.??"]
[EventType "tourn"]
[EventRounds "9"]
[EventCountry "SUI"]
[EventCategory "9"]
[SourceTitle "CBM 017"]
[Source "ChessBase"]
[SourceDate "1990.08.01"]
[SourceVersion "1"]
[SourceVersionDate "1990.08.01"]
[SourceQuality "1"]

1. d4 Nf6 2. Nf3 g6 3. Bg5 Bg7 4. Nbd2 c5 5. dxc5 $5 {More common is 4. xf6
xf6 5. e4 xd4 6. xd4 cxd4 7. xd4 0-0 with an unclear position. The
pawn-structure is similar to one resulting from some Sicilian lines. For 5. -
b6!? see Vokac,M - Schmidt,W - game 583.} Na6 6. Be3 Qc7 7. Nb3 Ne4 8. Bd4 e5
9. Be3 Nexc5 10. Nxc5 Nxc5 11. Qd5 d6 12. O-O-O Bf5 13. Bxc5 {Stronger than 13.
xd6 b3+.} dxc5 14. e4 Be6 15. Bb5+ Ke7 16. Qd3 Bh6+ 17. Kb1 c4 18. Qa3+ Kf6 19.
b3 a6 20. Bxc4 Bxc4 21. bxc4 Qxc4 22. Qd6+ Qe6 23. Qxe6+ Kxe6 24. Rd5 Rhc8 25.
Nxe5 Bg7 26. f4 f5 27. Rhd1 fxe4 28. g4 Rc7 29. Rd6+ Ke7 30. R6d4 Rac8 31. Rxe4
Bxe5 32. Rxe5+ Kf8 33. Rd2 Rc4 34. Rf2 R8c7 35. g5 Rb4+ 36. Kc1 Ra4 37. f5 gxf5
38. Rfxf5+ Kg7 39. Kb2 Rb4+ 40. Kc1 Ra4 41. Kb2 Rb4+ 1/2-1/2

[Event "Eksjo m 80 Jubilee"]
[Site "Eksjo"]
[Date "1993.??.??"]
[Round "1"]
[White "Andersson, Ulf"]
[Black "Hellers, Ferdinand"]
[Result "1/2-1/2"]
[WhiteElo "2625"]
[BlackElo "2565"]
[Annotator "Schussler,H"]
[PlyCount "34"]
[EventDate "1993.05.??"]
[EventType "match"]
[EventRounds "6"]
[EventCountry "SWE"]
[SourceTitle "CBM 036"]
[Source "ChessBase"]
[SourceDate "1993.10.01"]
[SourceVersion "1"]
[SourceVersionDate "1993.10.01"]
[SourceQuality "1"]

1. Nf3 Nf6 2. d4 g6 3. Bf4 Bg7 4. e3 O-O 5. h3 d6 6. Be2 c5 (6... b6 $5 7. a4
a6 8. O-O Bb7 9. c4 Ne4 $10 {Giardelli,S-Garcia Toledo,J, Sao Paulo zt 1993})
7. c3 (7. O-O Qb6 8. Nbd2 Be6 9. Ng5 $1 Bd7 10. Nc4 Qc7 11. c3 h6 12. Nf3 b6
13. Bd3 $1 Qb7 14. Re1 $14 {Yusupov,A-Topalov,V Las Palmas 1993}) 7... Be6 {
(Benjamin,J). Prevents Qb3.} (7... Qb6 8. Qb3 Be6 9. Qxb6 axb6 10. a3 Nc6 11.
Nbd2 Na5 12. O-O Rfc8 $10 {Dreiev-Sokolov, Groningen 1991}) 8. Nbd2 cxd4 9.
exd4 Nc6 10. O-O Qb6 11. Qb1 (11. Nb3 $6 a5 {(Wedberg,T)}) 11... Rac8 (11...
Bf5 $5 12. Nc4 Qc7 13. Bd3 Bxd3 14. Qxd3 Nd5 15. Bh2 Rad8 $10 {Planning 16. -
e5 (Wedberg,T)}) 12. Re1 Rfe8 13. Bd3 Bd5 14. Be3 Nh5 $1 15. Be4 (15. c4 $2
Bxf3 $19) (15. g4 $2 Nf6 16. c4 Bxf3 17. Nxf3 d5 18. c5 Qc7 $17) 15... Nf6 16.
Bd3 Nh5 17. Be4 Nf6 1/2-1/2

[Event "Hoogovens-B"]
[Site "Wijk aan Zee"]
[Date "1991.01.??"]
[Round "7"]
[White "Kuijf, Marinus"]
[Black "Martens, Martin"]
[Result "1-0"]
[WhiteElo "2440"]
[BlackElo "2315"]
[Annotator "Schussler,H"]
[PlyCount "83"]
[EventDate "1991.01.??"]
[EventType "tourn"]
[EventRounds "11"]
[EventCountry "NED"]
[EventCategory "9"]
[SourceTitle "CBM 022"]
[Source "ChessBase"]
[SourceDate "1991.06.01"]
[SourceVersion "1"]
[SourceVersionDate "1991.06.01"]
[SourceQuality "1"]

1. d4 Nf6 2. Nf3 g6 3. Bg5 Bg7 4. Nbd2 O-O 5. e4 d6 6. c3 Nbd7 7. Bc4 c6 8. Bb3
e5 9. O-O Qe7 10. Re1 Rd8 11. Qc2 h6 12. Bh4 g5 13. Bg3 Nh5 14. Nc4 Nf4 15.
Rad1 Rf8 16. a3 Kh8 17. Ba2 a5 18. dxe5 dxe5 19. Nd6 Nc5 20. Bxf4 gxf4 21. b4
axb4 22. axb4 Ne6 23. Rd2 b5 24. Red1 Nd8 25. Nxc8 Rxc8 26. Rd7 Qe8 27. Nh4 $18
Rg8 28. Bxf7 $18 Nxf7 29. Re7 Bf6 30. Rxe8 Rgxe8 31. Rd7 Ra8 32. g3 Kg8 33. Qb3
Re7 34. Rxe7 Bxe7 35. Nf5 Bf8 36. Kg2 Re8 37. Qa2 Bg7 38. Qa7 Re6 39. Qd7 Rf6
40. f3 Bf8 41. Qe8 h5 42. Kf2 {(1.41/2.09)} 1-0

[Event "FIN-SWE"]
[Site "Helsinki"]
[Date "1991.??.??"]
[Round "1"]
[White "Rantanen, Yrjo A"]
[Black "Hellers, Ferdinand"]
[Result "0-1"]
[WhiteElo "2430"]
[BlackElo "2520"]
[Annotator "Schussler,H"]
[PlyCount "84"]
[EventDate "1991.??.??"]
[EventType "team"]
[EventRounds "2"]
[EventCountry "FIN"]
[SourceTitle "CBM 026"]
[Source "ChessBase"]
[SourceDate "1992.02.01"]
[SourceVersion "1"]
[SourceVersionDate "1992.02.01"]
[SourceQuality "1"]

1. d4 Nf6 2. Nf3 g6 3. b4 Bg7 4. e3 O-O 5. Be2 b6 {(!) /\ ...Bc8-Bb7, ...c7-c5}
6. a4 c5 7. c3 d6 8. O-O a6 9. Ba3 Nbd7 10. Qb3 Qc7 11. c4 Ne4 12. Bb2 Bb7 13.
Nbd2 Nxd2 14. Nxd2 e6 15. Rfc1 Rab8 16. Bc3 e5 $5 {/\ ...f7-f5} 17. dxc5 dxc5
18. b5 a5 19. Qb2 f6 20. Rd1 Rbe8 21. Nb3 $6 (21. Nf1 $5 {/\ Rd1-d2, Ra1-d1;
Der Springer leistet auf b3 nicht viel, auf f1 deckt er den Königsflügel.})
21... f5 $1 22. Rd2 Nf6 23. Rad1 Rf7 24. f3 {Verhindert 24...Ne4, schafft aber
eine Schwäche auf e3. Der Springer b3 stände besser auf f1.} Bh6 $1 25. Kf2 Qe7
26. Rd6 Nh5 27. Qd2 (27. Rxb6 $2 Qh4+ 28. Kg1 Bxe3+ 29. Kh1 Ng3#) 27... e4 $1 {
Gewinnt} 28. f4 {Sonst fällt e3} Bxf4 29. Bxh5 gxh5 30. g3 (30. Rxb6 Bxh2 {
/\ ...f5-f4}) 30... Bxd6 31. Qxd6 f4 $1 32. exf4 (32. gxf4 Qh4+) (32. Qxe7
fxe3+ 33. Kxe3 Rf3+ 34. Kd2 Rxe7) 32... e3+ 33. Ke1 Qe4 {/\ 34...Qh1 35.Ke2 Bf3
} 34. Rd5 Bxd5 35. Qxd5 Qxd5 36. cxd5 Rd7 37. Ke2 Rxd5 38. Nc1 c4 39. Be1 Kf7
40. Na2 Rd3 41. Nc3 Kg6 42. h3 Kf5 0-1

[Event "URS-ch U26"]
[Site "Minsk"]
[Date "1990.??.??"]
[Round "?"]
[White "Anastasian, Ashot"]
[Black "Khenkin, Igor"]
[Result "1-0"]
[WhiteElo "2490"]
[BlackElo "2450"]
[Annotator "Schussler,H"]
[PlyCount "81"]
[EventDate "1990.01.??"]
[EventType "tourn"]
[EventRounds "13"]
[EventCountry "URS"]
[EventCategory "10"]
[SourceTitle "CBM 017"]
[Source "ChessBase"]
[SourceDate "1990.08.01"]
[SourceVersion "1"]
[SourceVersionDate "1990.08.01"]
[SourceQuality "1"]

1. d4 Nf6 2. Nf3 g6 3. Bf4 Bg7 4. e3 O-O 5. h3 c5 6. c3 Qb6 7. Qb3 d6 8. Nbd2
Be6 9. Bc4 Bxc4 10. Nxc4 Qxb3 11. axb3 Nbd7 12. Ke2 b5 13. Na5 Rfc8 14. Bg5 Kf8
15. Rhd1 Nb6 16. Ne1 Ne4 17. Bf4 Nd5 18. Kf3 f5 19. dxc5 Nxf4 20. exf4 Nxc5 21.
Nc2 Kf7 22. Ke2 Ne4 23. b4 Bxc3 24. bxc3 Nxc3+ 25. Kd2 Nxd1 26. Rxd1 Rc7 27.
Ne3 Rac8 28. Nb3 Rc3 29. Rb1 a6 30. Rb2 e6 31. g3 h6 32. h4 Kf6 33. Nd4 Ra3 34.
Ndc2 Rac3 35. Ra2 R3c6 36. h5 gxh5 37. Nd4 Rb6 38. Ndxf5 Rbc6 39. Nd4 Rb6 40.
f5 Ke5 41. Kd3 {41. - exf5 is answered by 42. f4+ Kf6 43. Nd5+.} 1-0

[Event "Hoogovens"]
[Site "Wijk aan Zee"]
[Date "1995.01.??"]
[Round "4"]
[White "Dreev, Alexey"]
[Black "Short, Nigel D"]
[Result "1/2-1/2"]
[WhiteElo "2650"]
[BlackElo "2640"]
[Annotator "Stohl,I"]
[PlyCount "71"]
[EventDate "1995.01.??"]
[EventType "k.o."]
[EventRounds "5"]
[EventCountry "NED"]
[SourceTitle "CBM 045"]
[Source "ChessBase"]
[SourceDate "1995.04.01"]
[SourceVersion "1"]
[SourceVersionDate "1995.04.01"]
[SourceQuality "1"]

1. d4 Nf6 2. Nf3 g6 3. Bf4 Bg7 4. e3 d6 5. Be2 Nbd7 (5... O-O 6. O-O Nbd7 7. c4
Ne4 8. Bd3 f5 9. Bxe4 fxe4 10. Nfd2 c5 11. Nxe4 cxd4 12. Qd2 Nc5 13. Nxc5 dxc5
14. e4 Be6 15. Na3 d3 16. Be3 Qb6 17. Rab1 Rad8 18. b3 Qc6 19. f3 a6 20. Rbc1
Be5 21. Nb1 $13 {Gofshtein,L-Sutovskij,E/Rishon le Zion/1994/}) 6. O-O (6. h3
b6 7. a4 a6 8. c4 $5 Bb7 9. O-O O-O 10. Qc2 c5 11. Nc3 Qe8 12. Bh2 cxd4 13.
exd4 e5 $6 14. Rfe1 Qe7 15. a5 exd4 16. Bf1 Qd8 17. Nxd4 Ne5 18. Nb3 Nfd7 19.
Red1 Qc7 20. axb6 Qxb6 21. Na5 $36 {Frois,A-Luyks,M/Lisboa-ch/1992/}) 6... Nh5
$5 7. Bg5 h6 8. Bh4 g5 9. Nfd2 gxh4 (9... Nf4 $5 10. exf4 gxh4 11. Nf3 c5 $132)
10. Bxh5 Nf6 11. Nc3 (11. h3 $5 $13) (11. Bf3 e5 12. Nc3 O-O 13. dxe5 dxe5 14.
Nc4 e4 15. Nxe4 Nxe4 16. Qxd8 Rxd8 17. Bxe4 Be6 18. Bd3 a6 19. f4 Bxc4 20. Bxc4
b5 21. Be2 Rd2 22. Bd3 Bxb2 23. Rad1 Bc3 $10 {Marusenko,P-Hebden,M/Hastings
Challenger/1991/}) 11... h3 12. g3 Nxh5 13. Qxh5 Qd7 $5 {/\Qg4,_|_^^} 14. Nd5 (
14. f3 Qf5 $132) 14... c6 15. Nf4 e5 (15... Qg4 $6 16. Qxg4 Bxg4 17. f3 Bf5 18.
c3 $16 {/\e4,g4,Nh5,[+],><h3}) 16. dxe5 dxe5 17. Nd3 O-O 18. e4 (18. f4 $5 exf4
19. Rxf4 Bxb2 20. Raf1 $36) 18... Qe6 19. Rfe1 Re8 20. f3 b6 21. Nf2 (21. g4
Ba6 22. Qxh3 Rad8 $44) 21... Qg6 $1 $10 22. Qxg6 fxg6 23. Rad1 (23. g4 h5 $1
$15) 23... h5 24. Nc4 Be6 25. b3 Rad8 (25... b5 26. Nd6 Red8 27. Nb7 $36) 26.
Rxd8 Rxd8 27. Rd1 Rd4 (27... Rxd1+ 28. Nxd1 b5 $6 29. Na5 $5 (29. Nce3 $13)
29... c5 (29... Bd7 30. Nf2 Bf8 31. Nd3 Bd6 32. Nb7 $14) 30. Nc6 a6 31. Ne7+
Kf7 32. Nd5 $14) 28. c3 Rxd1+ 29. Nxd1 Kf7 30. Nf2 Bd7 (30... b5 31. Nd6+ Ke7
32. Nb7 {><c5}) 31. Nd3 Ke6 $8 32. Kf2 Be8 33. Ke2 Bd7 34. Nf2 Ke7 35. Nd3 Ke6
$8 36. Nf2 $10 1/2-1/2